Star of ashes. (Record no. 33276)
[ view plain ]
| 000 -LEADER | |
|---|---|
| fixed length control field | 00967cam a22002651 4500 |
| 001 - CONTROL NUMBER | |
| control field | he 68001349 |
| 003 - CONTROL NUMBER IDENTIFIER | |
| control field | DLC |
| 005 - DATE AND TIME OF LATEST TRANSACTION | |
| control field | 20260227111458.0 |
| 008 - FIXED-LENGTH DATA ELEMENTS--GENERAL INFORMATION | |
| fixed length control field | 710901s1967 is f 000 0 eng |
| 010 ## - LIBRARY OF CONGRESS CONTROL NUMBER | |
| LC control number | he 68001349 |
| 025 ## - OVERSEAS ACQUISITION NUMBER | |
| Overseas acquisition number | PL480:Is-5599 |
| 040 ## - CATALOGING SOURCE | |
| Original cataloging agency | DLC |
| Transcribing agency | DLC |
| Modifying agency | DLC |
| 041 1# - LANGUAGE CODE | |
| Language code of text/sound track or separate title | eng |
| Language code of original | heb |
| 050 00 - LIBRARY OF CONGRESS CALL NUMBER | |
| Classification number | NE2415.K59 |
| Item number | A57 |
| 100 1# - MAIN ENTRY--PERSONAL NAME | |
| Personal name | Ḳnispel, Gershon. |
| 245 10 - TITLE STATEMENT | |
| Title | Star of ashes. |
| Remainder of title | [Kokhav ha-efer. Ash-shṭern] |
| Statement of responsibility, etc. | [by] Ka. Tsetnik. [Translated from the Hebrew by H. Zeldes and Nina DeNur] Lithographs [by] Gershon Knispel. |
| 260 ## - PUBLICATION, DISTRIBUTION, ETC. | |
| Place of publication, distribution, etc. | [Tel Aviv, |
| Name of publisher, distributor, etc. | Menorah, |
| Date of publication, distribution, etc. | 1967] |
| 300 ## - PHYSICAL DESCRIPTION | |
| Extent | 18 col. plates. |
| Dimensions | 25 x 34 cm. |
| 350 ## - PRICE (NR) (BK AM CF MU VM SE) [OBSOLETE] | |
| Price | IL30.00 |
| 500 ## - GENERAL NOTE | |
| General note | Plates accompanied by transparent guard sheets with descriptive letterpress. |
| 500 ## - GENERAL NOTE | |
| General note | "Exclusive edition ... Two hundred and fifty copies ... Number of this copy 229/250." |
| 700 0# - ADDED ENTRY--PERSONAL NAME | |
| Personal name | Ka-tzetnik 135633, |
| Dates associated with a name | 1917-2001. |
| Title of a work | Kokhav ha-efer. |
| 740 0# - ADDED ENTRY--UNCONTROLLED RELATED/ANALYTICAL TITLE | |
| Uncontrolled related/analytical title | Kokhav ha-efer. |
| 740 0# - ADDED ENTRY--UNCONTROLLED RELATED/ANALYTICAL TITLE | |
| Uncontrolled related/analytical title | Ash-shṭern. |
No items available.